|
|
|
|
| LEADER |
02046nam a22004815i 4500 |
| 001 |
978-1-4020-5273-6 |
| 003 |
DE-He213 |
| 005 |
20151204185116.0 |
| 007 |
cr nn 008mamaa |
| 008 |
100301s2006 ne | s |||| 0|eng d |
| 020 |
|
|
|a 9781402052736
|9 978-1-4020-5273-6
|
| 024 |
7 |
|
|a 10.1007/1-4020-5273-1
|2 doi
|
| 040 |
|
|
|d GrThAP
|
| 050 |
|
4 |
|a QL360-599.82
|
| 072 |
|
7 |
|a PSVT
|2 bicssc
|
| 072 |
|
7 |
|a SCI070020
|2 bisacsh
|
| 082 |
0 |
4 |
|a 592
|2 23
|
| 100 |
1 |
|
|a Berger, Helmut.
|e author.
|
| 245 |
1 |
0 |
|a Monograph of the Urostyloidea (Ciliophora, Hypotricha)
|h [electronic resource] /
|c by Helmut Berger.
|
| 264 |
|
1 |
|a Dordrecht :
|b Springer Netherlands,
|c 2006.
|
| 300 |
|
|
|a XXIV, 1304 p.
|b online resource.
|
| 336 |
|
|
|a text
|b txt
|2 rdacontent
|
| 337 |
|
|
|a computer
|b c
|2 rdamedia
|
| 338 |
|
|
|a online resource
|b cr
|2 rdacarrier
|
| 347 |
|
|
|a text file
|b PDF
|2 rda
|
| 490 |
1 |
|
|a Monographiae Biologicae ;
|v 85
|
| 505 |
0 |
|
|a A. General Section. 1. Morphology, Biology, and Terminology. 2. Phylogeny 3 Previous Classifications and Revisions. 4. Parasitism. 5. Ecology, Occurrence, and Geographic Distribution. 6. Collecting, Culturing, Observing, and Staining of Urostyloid Ciliates. 7. Species Concept and Nomenclature -- B. Systematic Section. Urostyloidae. Taxa of Unknown Position within the Urostyloidea. Supplement to the Oxytrichidae. Taxa not Considered -- Addenda. References. Systematic Index -- Table Index.
|
| 650 |
|
0 |
|a Life sciences.
|
| 650 |
|
0 |
|a Aquatic ecology.
|
| 650 |
|
0 |
|a Zoology.
|
| 650 |
|
0 |
|a Invertebrates.
|
| 650 |
1 |
4 |
|a Life Sciences.
|
| 650 |
2 |
4 |
|a Invertebrates.
|
| 650 |
2 |
4 |
|a Freshwater & Marine Ecology.
|
| 650 |
2 |
4 |
|a Zoology.
|
| 650 |
2 |
4 |
|a Animal Systematics/Taxonomy/Biogeography.
|
| 710 |
2 |
|
|a SpringerLink (Online service)
|
| 773 |
0 |
|
|t Springer eBooks
|
| 776 |
0 |
8 |
|i Printed edition:
|z 9781402052729
|
| 830 |
|
0 |
|a Monographiae Biologicae ;
|v 85
|
| 856 |
4 |
0 |
|u http://dx.doi.org/10.1007/1-4020-5273-1
|z Full Text via HEAL-Link
|
| 912 |
|
|
|a ZDB-2-SBL
|
| 950 |
|
|
|a Biomedical and Life Sciences (Springer-11642)
|